000 00287nam a2200109Ia 4500
008 220204s9999 xx 000 0 und d
082 _aNR:332.21
_bGAN
100 _aGanapathy, Comp.
245 0 _aMalayalam plantations: An era of planting in South India
260 _aCochin
942 _cBK
999 _c44763
_d44763